- Vázquez Recio, Rosa M.
Entry Nombre Personal
001 - NUMERO DE CONTROL
- campo de control: 37338
003 - IDENTIFICADOR DE NUMERO DE CONTROL
- campo de control: UPN
005 - FECHA Y HORA DE LA ÜLTIMA TRANSACCIÓN
- campo de control: 20221010125929.0
008 - DATOS DE LONGITUD FIJA
- campo de control de longitud fija: nabaccnnaabn|||||||||| b |nc|||||d
035 ## - NUMERO DE CONTROL
- Número de control: UPN11000009445
040 ## - FUENTE DE CATALOGACIÓN
- Lenguaje de catalogación: spa
- Agencia de transcripción: MX-MxUPN
- Agencia original de catalogación: MX-MxUPN
100 1# - ENCABEZAMIENTO - NOMBRE PERSONAL
- Nombre personal: Vázquez Recio, Rosa M.
370 ## - LUGAR ASOCIADO
- Associated country: España
372 ## - CAMPO DE ACTIVIDAD
- Field of activity: Escuelas rurales
- Field of activity: Dirección escolar
- Field of activity: Género y educación
373 ## - GRUPO ASOCIADO
- Associated group: Universidad de Cádiz
374 ## - OCUPACIÓN
- Occupation: Filósofa
- Occupation: Profesora universitaria
375 ## - GÉNERO
- Gender: femenino
377 ## - LENGUA ASOCIADA
- Language code: spa
400 1# - VEÁSE - NOMBRE DE PERSONA
- Personal name: Recio, Rosa M. Vázquez
400 1# - VEÁSE - NOMBRE DE PERSONA
- Personal name: Vázquez Recio, Rosa
400 1# - VEÁSE - NOMBRE DE PERSONA
- Personal name: Recio, Rosa Vázquez
670 ## - FUENTE EN LA QUE SE LOCALIZARON DATOS
- Cita de la fuente: T
- Uniform Resource Identifier: http://www.edmorata.es/autor/v%C3%A1zquez-recio-rosa-m
670 ## - FUENTE EN LA QUE SE LOCALIZARON DATOS
- Cita de la fuente: En la obra: Reconocimiento y bien común en educación, 2018:
- Uniform Resource Identifier: portada (Rosa Vázquez Recio)
680 ## - NOTA PUBLICA DE ACCESO PÚBLICO
- Frase explicativa de la referencia: España. Dora. en Filosofía y Ciencias de la Educación por la Universidad de Cádiz, donde es Profesora Titular del Departamento de Didáctica. Ha participado como investigadora principal en proyectos de investigación de ámbito regional, nacional e internacional. Sus líneas de investigación están centradas en la dirección escolar, las escuelas rurales, el género y la educación, las nuevas tecnologías y el plagio académico.
902 ## - CATALOGADOR
- Catalogador: EMR/290615
902 ## - CATALOGADOR
- Catalogador: NDAF/101022
